000 00673nam a2200289Ia 4500
001 Z_3964
003 CHAP
008 220113s2000 xx 000 0 und d
010 _a167025
040 _cCHAP
082 _a636.085 D54
100 _aD'Mello, J P Felix
_9141201
245 _aFarm animal metabolism and nutrition /
_cpor J. P. F. D'Mello
260 _aOxon :
_bCABI,
_c2000
300 _a438 p.
440 _a
500 _a
503 _a212058
650 _aGanado
_xMetabolismo
_9141202
650 _aNutrición animal
901 _a636.085 D54
902 _aA
910 _a2000
942 _c1
942 _cc1
999 _c167025
_d167025